| 000 | 00902nam a2200229 a 4500 | ||
|---|---|---|---|
| 005 | 20230524063812.0 | ||
| 008 | 991125s1967 mx 000 0 spa u | ||
| 035 | _aUPN01000046370 | ||
| 049 | _aCG | ||
| 050 | 4 |
_aQA9 _bD5.68a |
|
| 100 | 1 |
_aDienes, Zoltan Paul, _d1916- _930501 |
|
| 245 | 1 | 4 |
_aLos primeros pasos en matemática / _cZ. P. Dienes, E. W. Golding ; tr. María Deschamps Bonet. |
| 260 |
_aMéxico : _bVarazén, _c1967. |
||
| 300 |
_a3 v. : _bil. |
||
| 440 | 0 |
_aEnseñanza de la matemática moderna ; _v2 |
|
| 505 | 8 |
_aContenido: _gv.1. _tLógica y juegos lógicos -- _gv.2. _tConjuntos números y potencias -- _gv.3. _tExploración del espacio y práctica de la medida |
|
| 650 | 4 |
_aLógica simbólica y matemática _93581 |
|
| 650 | 4 |
_aMatemáticas _xEstudio y enseñanza (Elemental) _92809 |
|
| 650 | 0 |
_aRecreaciones matemáticas _96050 |
|
| 700 | 1 |
_aGolding, E. W., _ecoaut. |
|
| 905 | _aLibro | ||
| 999 |
_c46370 _d46370 |
||